Dynamic programming

Αποθηκεύτηκε σε:
Λεπτομέρειες βιβλιογραφικής εγγραφής
Κύριος συγγραφέας: White, D. J. (Douglas John)
Μορφή: Βιβλίο
Γλώσσα:English
Δημοσίευση: Edinburgh : San Francisco : Oliver & Boy, Holden-Day, c1969
Σειρά:Mathematical economics texts ; ; 1
Θέματα:
Ετικέτες: Προσθήκη ετικέτας
Δεν υπάρχουν, Καταχωρήστε ετικέτα πρώτοι!

MARC

LEADER 00000cam a2200000 i 4500
001 1/6835
008 000617s1969 eng d
020 |a 050016245 
035 |l 10062073 
040 |a GR-MY-UA  |b gre  |e aacr 
041 0 |a eng 
082 0 |a 519.703 
100 1 |a White, D. J.   |q (Douglas John) 
245 1 0 |a Dynamic programming /  |c D. J. White 
260 |a Edinburgh :   |a San Francisco :   |b Oliver & Boy,   |b Holden-Day,   |c c1969 
300 |a vii, 180 σ.  |b πίν., σχέδια 
490 1 |a Mathematical economics texts  |v ; 1 
504 |a Βιβλιογραφία: σ. 179-180 
504 |a Περιλαμβάνει ευρετήριο 
650 0 0 |a Business  |x Data processing. 
650 0 0 |a Dynamic programming. 
650 0 0 |a Economics, Mathematical. 
830 0 |a Mathematical economics texts ;  |v ; 1 
852 |a INST  |b LESVOS  |e 20000617  |h 519.703 WIT  |p 005100020928  |q 005100020928  |t BK  |y 0 
909 |a Λ  |b 072894 
970 |z 2000/06/ΟΙΚΟΝΟΜΟΠΟΥΛΟΥ ΧΡΙΣΤΙΝΑ